| 000 | 01031cab a2200265 4500 | ||
|---|---|---|---|
| 001 | ABS58598 | ||
| 008 | 090401t1998 xxu||||| |||| 00| 0 eng d | ||
| 035 | _a(Sirsi) u85721 | ||
| 041 | _aeng | ||
| 100 | _aMadge, N. | ||
| 245 | 4 | _aThe accelerated possession procedure | |
| 260 | _c1998 | ||
| 350 | _a0 | ||
| 490 |
_aNew Law Journal _v148(6836) 17 April 1998, 546-548(3) |
||
| 520 | _aExamines the accelerated possession procedure introduced by the County Court (Amendment No3) Rules 1993. Describes the legislation, the form of application, cost and procedure of the process. | ||
| 650 | _aACCELERATED POSSESSION PROCEDURE | ||
| 650 | _aASSURED SHORTHOLD TENANCIES | ||
| 650 | _aCOUNTY COURT (AMENDMENT NO.3) RULES 1993 | ||
| 650 | _aHOUSING ACT 1996 | ||
| 650 | _aLEASEHOLD REFORM, HOUSING AND URBAN DEVELOPMENT ACT 1993 | ||
| 650 | _aLOCAL GOVERNMENT AND HOUSING ACT 1989 | ||
| 690 | _aPROPERTY-RESIDENTIAL PROPERTY-RESIDENTIAL LANDLORD AND TENANT-RESIDENTIAL TENANCIES | ||
| 942 | _n0 | ||
| 948 | _c22/04/1998 | ||
| 999 |
_c53924 _d53924 |
||